=LDR 00000nam 2200000 4500 =001 000270 =990 ##$$a TBM202500084 =005 20250710123827 =035 ##$$a 0010-0725000106 =007 ta =008 250710################a##########0#ind## =020 ##$$a 978-623-307-913-6 =082 ##$$a 398-209 598 =084 ##$$a 398-209 598 MAL m =100 #$$a Malviya, Mukesh =245 1#$$a Masih Kecil atau Sudah Besar /$c Mukesh Malviya =250 ##$$a Cetakan Pertama =260 ##$$a Jakarta Timur :$b Badan Pengembangan dan Pembinaan Bahasa,$c 2024 =300 ##$$a 28 hlm. : $b ilus. ; $c 22,9 cm =650 #4$$a Cerita Anak Indonesia-Terjemahan =650 #4$$a Literasi -Bahan Bacaan =856 ##$$a TBM As Suhada